Cơ sở lý luận của báo chí : Sách tham khảo nghiệp vụ
Trình bày những vấn đề chung nhất, khái quát về nghiệp vụ báo chí và những đặc thù của họat động báo chí: báo chí trong hệ thống các thiết chế xã hội, báo chí trong không gian thông tin, hiệu lực và tính hiệu quả của báo chí...
Wedi'i Gadw mewn:
| Prif Awdur: | |
|---|---|
| Fformat: | Llyfr |
| Iaith: | Undetermined |
| Cyhoeddwyd: |
Hà Nội
Thông tấn
2004
|
| Pynciau: | |
| Tagiau: |
Ychwanegu Tag
Dim Tagiau, Byddwch y cyntaf i dagio'r cofnod hwn!
|
| Thư viện lưu trữ: | Trung tâm Học liệu Trường Đại học Cần Thơ |
|---|
| LEADER | 01114nam a2200229Ia 4500 | ||
|---|---|---|---|
| 001 | CTU_93654 | ||
| 008 | 210402s9999 xx 000 0 und d | ||
| 020 | |c 37000 | ||
| 082 | |a 070.4 | ||
| 082 | |b P962/T.2 | ||
| 100 | |a Prôkhôrốp, E. P. | ||
| 245 | 0 | |a Cơ sở lý luận của báo chí : | |
| 245 | 0 | |b Sách tham khảo nghiệp vụ | |
| 245 | 0 | |c E. P. Prôkhôrốp ; Đào Tấn Anh, Đới Thị Kim Thoa dịch | |
| 260 | |a Hà Nội | ||
| 260 | |b Thông tấn | ||
| 260 | |c 2004 | ||
| 520 | |a Trình bày những vấn đề chung nhất, khái quát về nghiệp vụ báo chí và những đặc thù của họat động báo chí: báo chí trong hệ thống các thiết chế xã hội, báo chí trong không gian thông tin, hiệu lực và tính hiệu quả của báo chí | ||
| 650 | |a Journalism | ||
| 650 | |x Theory of | ||
| 904 | |i Nguyên (sửa số pl 808.4/P962/T.2 thành 070.4/P962/T.2).Qhieu đã sửa trong kho | ||
| 980 | |a Trung tâm Học liệu Trường Đại học Cần Thơ | ||